| 000 | 00000nam##2200000za#4500 |
| 001 | 9.625227 |
| 003 | CaOODSP |
| 005 | 20200706134921 |
| 007 | ta |
| 008 | 150406|2000||||xxc||||| f|0| 0 fre|d |
| 020 | |a0-660-96302-7 |
| 022 | |a1200-5231 |
| 040 | |aCaOODSP|bfre |
| 043 | |an-cn--- |
| 086 | 1 |aCS11-0019/118F |
| 245 | 03|aLa productivité du travail dans les établissements de fabrication au Canada sous contrôle canadien et étranger / |cpar John R. Baldwin et Naginder Dhaliwal. |
| 260 | |aOttawa - Ontario : |bStatistique Canada. |c2000. |
| 300 | |aix, 52p. : |bgraphiques, tableaux ; |c28 cm. |
| 490 | 1 |aDocuments de recherche|x1200-5231|vN° 118 |
| 500 | |a«Le présent rapport est consacré à une courte étude des écarts au niveau de la croissance de la productivité du travail entre les établissements sous contrôle canadien et les établissements sous contrôle étranger dans le secteur de la fabrication pour la période 1973 à 1993. Il porte aussi sur un examen de l'ampleur des différences au niveau de la croissance de la productivité du travail entre les petits et les grands établissements et entre les secteurs industriels et de la façon dont ces écarts ont évolué au fil du temps.»--Résumé. |
| 504 | |aBibliographie. |
| 520 | 3 |aLe présent rapport est consacré à une courte étude des écarts au niveau de la croissance de la productivité du travail entre les établissements sous contrôle canadien et les établissements sous contrôle étranger dans le secteur de la fabrication pour la période 1973 à 1993. Il porte aussi sur un examen de l'ampleur des différences au niveau de la croissance de la productivité du travail entre les petits et les grands établissements et entre les secteurs industriels et de la façon dont ces écarts ont évolué au fil du temps.--Résumé |
| 563 | |aCouverture souple |
| 590 | |a00-11|b2000-03-17 |
| 710 | 2 |aStatistique Canada. |bDirection des études analytiques. |
| 720 | 1 |aBaldwin, John R. |
| 720 | 1 |aDhaliwal, Naginder |
| 775 | 08|tLabour productivity differences between domestic and foreign-controlled controlled establishments in the Canadian manufacturing sector / |w(CaOODSP)9.615070 |
| 776 | 0#|tLa productivité du travail dans les établissements de fabrication au Canada sous contrôle canadien et étranger / |w(CaOODSP)9.604346 |
| 830 | #0|aDocuments de recherche,|x1200-5231|vN° 118|w(CaOODSP)9.512877 |